Spirit l'étalon des plaines - Sonne le clairon - Paroles - Statistiques

Statistiques générales
  • Ce quiz a été pris 121 fois
  • Le résultat moyen est 96 sur 131
Statistiques - réponses
Réponse % Correct
clairon
100%
le
100%
son
100%
Sonne
100%
ne
96%
Ne
96%
Je
94%
je
94%
la
93%
a
91%
de
91%
De
91%
Pour
90%
pour
90%
moi
88%
Qui
88%
qui
88%
Si
87%
ce
85%
Au
84%
au
84%
plus
84%
que
84%
suis
84%
fin
82%
te
82%
c'est
81%
coeur
81%
es
81%
Et
81%
N'oublie
81%
plaît
79%
rien
79%
Rien
79%
s'il
79%
soldat
79%
un
79%
blessé
78%
combat
78%
des
78%
fatigué
78%
qu'un
78%
tu
78%
ultime
76%
fil
75%
jamais
75%
Mais
75%
saisons
75%
livré
73%
Ou
73%
m'en
72%
part
72%
pas
72%
dans
70%
loin
69%
là-bas
67%
ciel
66%
j'étais
66%
nuit
66%
soupir
66%
comment
64%
dernier
64%
m'appelle
63%
mourir
63%
pars
63%
Il
61%
Jusqu'au
61%
perds
61%
espoir
60%
j'ai
60%
laisse-moi
60%
Une
60%
voix
60%
aller
58%
vie
58%
Dis-leur
57%
les
57%
liberté
57%
Peur
57%
Ton
57%
Emmène-moi
55%
gagner
55%
Oui
55%
va
55%
courage
54%
tomber
54%
encore
52%
retomber
52%
chemins
51%
lumière
51%
reste
51%
sans
51%
nulle
49%
dois
48%
D'abandonner
46%
mènent
46%
soir
46%
Relève-toi
43%
Lève-toi
37%
d'antant
28%
Quelqu'un
12%
Aucun quiz correspondant
Distribution des résultats
% des personnes avec chaque résultat
Percentile par nombre de réponses
Votre historique - résultats
Vous n’avez pas pris ce quiz